| 000 | 00712nam a22002053a 4500 | ||
|---|---|---|---|
| 005 | 20230927063833.0 | ||
| 008 | 011026s1993 mx fr 000 0 spa d | ||
| 020 | _a9683102808 | ||
| 035 | _aUPN01000113564 | ||
| 049 | _aC | ||
| 050 | 4 |
_aPM4011 _bD5.3 |
|
| 245 | 0 | 0 |
_aDiccionario mixe de Coatlán, Oaxaca / _ccomp. Searle hoogshagen Noordsy, Hilda Halloran de Hoogshagen. |
| 260 |
_aMéxico : _bILVAC, _c1993. |
||
| 300 |
_axx, 459 p. : _eil. |
||
| 440 | 0 |
_aSerie de vocabularios y diccioanrios indígenas Mariano Silva y Aceves ; _v32 |
|
| 650 | 4 |
_aMIXE - _vDICCIONARIOS - _xESPAÑOL _927853 |
|
| 650 | 4 |
_aIndígenas de México _zOaxaca _xLenguas _917368 |
|
| 700 | 1 |
_aHoogshagen Noordsy, _ecomp. |
|
| 905 | _aLibro | ||
| 999 |
_c87472 _d87472 |
||